Cities of Sumatra - Statistics

General Stats
  • This quiz has been taken 37 times
  • The average score is 6 of 10
Answer Stats
City % Correct
Medan
100%
Jambi
88%
Palembang
88%
Bandar Lampung
85%
Padang
85%
Pekanbaru
79%
Binjai
44%
Dumai
44%
Pematang Siantar
29%
Bangkulu
3%
No matching quizzes found
Score Distribution
Percent of People with Each Score
Percentile by Number Answered
Your Score History
You have not taken this quiz